000 00646nam a2200217 4500
001 118865
003 ES-MaACL
005 20230906191209.0
007 t|
008 070214s1980 ag r ||||1| spa d
100 1 _aPettijohn, F. J.
_991568
245 1 0 _aRocas sedimentarias /
_cF. J. Pettijohn ; traducción de Juan Turner.
250 _a4ª. ed.
260 _aBuenos Aires :
_bEditorial Universitaria,
_c1980.
300 _aXVIII, 731 p., 28 lám. ;
_c23 cm.
490 1 _aEUDEBA manuales
700 1 _aTurner, Juan.
_9111739
830 0 _aEUDEBA manuales
_9187101
852 _aES-MaACL
_jL-11587
_bR.113616
999 _c118865
_d118865